The way of the truth laid out : A catechism which, as with Supplies from the Tower of David, arms Christians of all ages, to refute the errors which most commonly assault the cause of Christianity: and to preserve the faith once delivered unto the saints. In seven essays. : [Five lines from II Peter].

Bibliographic Details
Main Author: Mather, Cotton, 1663-1728
Corporate Author: Westminster Assembly
Format: Conference Proceeding eBook
Language:English
Edition:The second edition.
Series:Early American imprints. Evans (1639-1800) ; no. 2254.
Subjects:
Online Access:Evans Digital Edition

MARC

Tag First Indicator Second Indicator Subfields
LEADER 00000cam a22000001a 4500
001 in00002137888
006 m e d #
007 cr mn mmmmabba
008 850612r17211708mau s 000 0 eng d
005 20260331160925.7
035 |z w019637 
035 |a MAAR8506121902B 
035 |9 mwa91-31779 
035 |a 323432 
035 |a aas03019637 
040 |a MWA  |c MWA  |e bdrb  |d UtOrBLW 
100 1 |a Mather, Cotton,  |d 1663-1728. 
245 1 4 |a The way of the truth laid out :  |b A catechism which, as with Supplies from the Tower of David, arms Christians of all ages, to refute the errors which most commonly assault the cause of Christianity: and to preserve the faith once delivered unto the saints. In seven essays. : [Five lines from II Peter]. 
250 |a The second edition. 
264 3 |a Boston :  |b Reprinted by S. Kneeland, for D Henchman, at his shop in Corn-Hill,  |c 1721. 
300 |a 2 unnumbered pages, 8, 95 pages, 3 unnumbered pages ;  |c 14 cm. (duodecimo) 
336 |a text  |b txt  |2 rdacontent 
337 |a computer  |b c  |2 rdamedia 
338 |a online resource  |b cr  |2 rdacarrier 
500 |a Running title: Supplies from the Tower of David. 
500 |a Attributed to Cotton Mather by Holmes. 
500 |a First published with title: The man of God furnished, Boston, 1708. 
500 |a "An addition. A short catechism for conscience, on the condition of ungospellized plantations."--pages 91-95. 
500 |a "The body of divinity versified"--pages [96-97], in verse. Attributed to Cotton Mather. 
510 4 |a Evans  |c 2254 
510 4 |a Holmes, T.J. Cotton Mather,  |c 216-B 
530 |a Microform version available in the Readex Early American Imprints series. 
533 |a Electronic text and image data.  |b [Chester, Vt. :  |c Readex, a division of Newsbank, Inc.,  |d 2002-2004.  |e Includes files in TIFF, GIF and PDF formats with inclusion of keyword searchable text.  |f (Early American imprints. First series ; no. 2254). 
500 |a Electronic resource. 
650 0 |a Congregational churches  |v Catechisms. 
655 7 |a Catechisms.  |2 rbgenr 
655 7 |a Poems  |y 1721.  |2 rbgenr 
700 1 2 |a Mather, Cotton,  |d 1663-1728.  |t Supplies from the tower of David. 
711 2 2 |a Westminster Assembly  |d (1643-1652).  |t Shorter catechism.  |k Selections. 
740 0 |a Man of God furnished. 
752 |a United States  |b Massachusetts  |d Boston. 
830 0 |a Early American imprints.  |n Series I,  |p Evans (1639-1800) ;  |v no. 2254. 
856 4 1 |u http://proxy.library.tamu.edu/login?url=https://opac.newsbank.com/select/evans/2254  |y Evans Digital Edition  |t 0 
999 |a MARS 
999 f f |s abeaaf62-67a2-3df5-8f8b-cfbc611ebc49  |i df372a6c-b495-35f1-a5fc-6ec3baeb7e90  |t 0 
952 f f |a Texas A&M University  |b College Station  |c Electronic Resources  |s www_evans  |d Available Online  |t 0  |h No information provided 
998 f f |t 0  |l Available Online